Making public transport in Lusaka city more efficient and effective (Record no. 82342)
[ view plain ]
| 000 -LEADER | |
|---|---|
| fixed length control field | 01050nam a2200205 a 4500 |
| 008 - FIXED-LENGTH DATA ELEMENTS--GENERAL INFORMATION | |
| fixed length control field | 150917s2013 ||||||||||||||||| || u |
| 050 ## - LIBRARY OF CONGRESS CALL NUMBER | |
| Classification number | ZIPAR(05)PB/2013/10A |
| 100 ## - MAIN ENTRY--PERSONAL NAME | |
| Personal name | Chikuba, Zali |
| 245 10 - TITLE STATEMENT | |
| Title | Making public transport in Lusaka city more efficient and effective |
| Statement of responsibility, etc. | By Zali Chikuba and ROM Engineering |
| 260 ## - PUBLICATION, DISTRIBUTION, ETC. | |
| Place of publication, distribution, etc. | Lusaka: |
| Name of publisher, distributor, etc. | Zambia Institute for Policy Analysis and Research (ZIPAR) |
| Date of publication, distribution, etc. | 2013 |
| 300 ## - PHYSICAL DESCRIPTION | |
| Extent | [4p.]: ill. |
| 362 1# - | |
| -- | Based on the working paper " Trip modelling and cost analysis for public transport system" |
| 650 ## - SUBJECT ADDED ENTRY--TOPICAL TERM | |
| Topical term or geographic name entry element | LIBERALISATION ON TRANSPORT SECTOR--ZAMBIA |
| 650 ## - SUBJECT ADDED ENTRY--TOPICAL TERM | |
| Topical term or geographic name entry element | TRANSPORT INDUSTRY |
| 650 ## - SUBJECT ADDED ENTRY--TOPICAL TERM | |
| Topical term or geographic name entry element | POLICY ANALYSIS--ZAMBIA |
| 710 ## - ADDED ENTRY--CORPORATE NAME | |
| Corporate name or jurisdiction name as entry element | ROM Engineering |
| 710 ## - ADDED ENTRY--CORPORATE NAME | |
| Corporate name or jurisdiction name as entry element | Zambia Institute for Policy Analysis & Research (ZIPAR) |
| 995 ## - | |
| -- | SPECIAL COLLECTIONS |
| -- | 2040 |
| -- | CBU-MAIN LIBRARY (Kitwe) |
| -- | ZIPAR(05)PB/2013/10A |
| -- | 1 |
| -- | AVAILABLE |
| -- | Sep 17, 2015 |
| -- | B2040 |
| -- | Zambiana Collection |
| 995 ## - | |
| -- | SPECIAL COLLECTIONS |
| -- | 2041 |
| -- | CBU-MAIN LIBRARY (Kitwe) |
| -- | ZIPAR(05)PB/2013/10B |
| -- | 2 |
| -- | AVAILABLE |
| -- | Sep 17, 2015 |
| -- | B2041 |
| -- | Zambiana Collection |
| 999 ## - | |
| -- | 82342 |
| -- | 82342 |
| Withdrawn status | Lost status | Source of classification or shelving scheme | Damaged status | Not for loan | Permanent Location | Current Location | Shelving location | Date acquired | Total Checkouts | Full call number | Barcode | Date last seen | Copy number | Price effective from | Koha item type |
|---|---|---|---|---|---|---|---|---|---|---|---|---|---|---|---|
| CBU-MAIN LIBRARY, KITWE. | CBU-MAIN LIBRARY, KITWE. | 09/27/2023 | ZIPAR(05)PB/2013/10A | B2040 | 09/27/2023 | 1 | 09/27/2023 | SPECIAL COLLECTION | |||||||
| CBU-MAIN LIBRARY, KITWE. | CBU-MAIN LIBRARY, KITWE. | 09/27/2023 | ZIPAR(05)PB/2013/10B | B2041 | 09/27/2023 | 2 | 09/27/2023 | SPECIAL COLLECTION |